| 000 | 00915nam a22001577a 4500 | ||
|---|---|---|---|
| 003 | OSt | ||
| 005 | 20151004101535.0 | ||
| 008 | 151004b xxu||||| |||| 00| 0 eng d | ||
| 040 | _cRUA | ||
| 082 | _aAVM OUC 2002 B073 Or.1 | ||
| 100 |
_91985 _aOUCH, KANVANNAK. |
||
| 245 | _aThe effect of rice bran and broken rice in concentrate on growth rate of broiler chicken (hubbard) at royal university of agriculture (ឥទ្ធិពលនៃការប្រើប្រាស់កន្ទក់និងចុងអង្ករនៅក្នុងចំណីផ្សំទៅលើការលូតលាស់របស់មាន់សាច់ពូជ HUBBAED នៅស្ថានីយ៏ចិញ្ចឺមសត្វនៃសាកលវិទ្យាល័យភូមិន្ទកសិកម្ម) | ||
| 260 |
_aPhnom Penh _bRUA _c2002 |
||
| 300 |
_avii, 43p. _bill. _c29cm. |
||
| 942 |
_2ddc _cAVM |
||
| 999 |
_c1876 _d1876 |
||